Comibined set of Treasury Rules (Record no. 348017)

000 -LEADER
fixed length control field 00242 a2200109 4500
090 ## - LOCALLY ASSIGNED LC-TYPE CALL NUMBER (OCLC); LOCAL CALL NUMBER (RLIN)
-- 5613
-- 5613
100 ## - MAIN ENTRY--PERSONAL NAME
Personal name Hamid Ali
245 ## - TITLE STATEMENT
Title Comibined set of Treasury Rules
260 ## - PUBLICATION, DISTRIBUTION, ETC.
Place of publication, distribution, etc. Karachi
300 ## - PHYSICAL DESCRIPTION
Extent 254
942 ## - ADDED ENTRY ELEMENTS (KOHA)
Institution code [OBSOLETE] NBS
Koha item type Reference
Call number prefix 348.95491 ALI
Holdings
Withdrawn status Lost status Damaged status Not for loan Permanent Location Current Location Date acquired Full call number Barcode Date last seen Price effective from Koha item type
        NUST Law School (NLS) NUST Law School (NLS) 08/28/2013 348.95491 ALI NBS8082 08/28/2013 08/28/2013 Reference
© 2023 Central Library, National University of Sciences and Technology. All Rights Reserved.